Phonologica 1984 : proceedings of the fifth international phonology meeting, Eisenstadt, 25-28 June, 1984 /

Bibliographic Details
Other Authors: Dressler, Wolfgang U., 1939-
Format: Book
Language:English
Published: Cambridge [Cambridgeshire] ; New York : Cambridge University Press, 1987.
Subjects:

MARC

Tag First Indicator Second Indicator Subfields
LEADER 00000cam a22000008a 4500
001 in00000017756
005 20151007053510.0
008 850404s1987 enka b 10000 eng
010 |a  85007848  
020 |a 0521302919 
035 |a (OCoLC)11969924 
035 |9 AAB1872AM 
040 |a DLC  |c DLC  |d TXA  |d UtOrBLW 
049 |a TXAM  |c [A12611466] 
050 0 0 |a P217  |b .P47 1988 
050 4 |a P217  |b .P47 1987 
082 0 |a 414  |2 19 
245 0 0 |a Phonologica 1984 :  |b proceedings of the fifth international phonology meeting, Eisenstadt, 25-28 June, 1984 /  |c edited by Wolfgang U. Dressler [and others]. 
263 |a 8801 
264 1 |a Cambridge [Cambridgeshire] ;  |a New York :  |b Cambridge University Press,  |c 1987. 
300 |a 345 pages :  |b illustrations 
336 |a text  |b txt  |2 rdacontent 
337 |a unmediated  |b n  |2 rdamedia 
338 |a volume  |b nc  |2 rdacarrier 
500 |a Includes bibliographies. 
650 0 |a Grammar, Comparative and general  |x Phonology  |v Congresses. 
650 0 |a Phonetics  |v Congresses. 
700 1 |a Dressler, Wolfgang U.,  |d 1939- 
999 |a MARS 
999 f f |s 55d1ace9-0dcb-3c0f-8383-013b74bb0e54  |i eb0b85c5-d723-3ecb-8aac-1f0b854da20d  |t 0 
952 f f |p ric  |a Texas A&M University  |b Rellis Campus  |c Joint Library Facility  |s JLF  |d Remote Storage  |t 0  |e P217 .P47 1987  |h Library of Congress classification  |i unmediated -- volume  |m A14812611466 
998 f f |a P217 .P47 1987  |t 0  |l Remote Storage